00469nam a22001697a 450000500170000000800410001702000180005804000210007604100080009708200130010510000340011824500540015225000120020626000430021830000100026165000280027120231106121641.0231106b ||||| |||| 00| 0 eng d a9789391447182 aIN-DiNCcIN-DiNC dasm a301bPHU aPhukan, Diganta Kumareauthor aParibeshiya samajtattwa/cby Diganta Kumar Phukan a2nd ed. aGolaghat:bSaraswati prakashan,c2023. a208p. aEnvironmental sociology